000 00286nam a22001337a 4500
020 _a9789384007157
082 _a621.042
_bGHO/RE
100 _aGhosh Roy M.K.
_91283
245 _aRenewable Energy
250 _a1
260 _aNew Delhi
_bMedtec
_c2015
300 _a328
942 _cBBS
999 _c14740
_d14740